[Event "Santa Fe Dos Orillas op 12th"]
[Site "Santa Fe"]
[Date "2023.10.16"]
[Round "7"]
[White "Zapata Charles, Santiago"]
[Black "Meza Astrada, Agustin"]
[Result "1-0"]
[WhiteElo "2308"]
[BlackElo "2007"]
[PlyCount "81"]
[EventDate "2023.10.13"]
[EventType "swiss"]
[EventRounds "7"]
[EventCountry "ARG"]
[SourceTitle "Mega2024 Update 01"]
[Source "Chessbase"]
[SourceDate "2023.11.12"]
[SourceVersion "1"]
[SourceVersionDate "2023.11.12"]
[SourceQuality "1"]

1. e4 c5 2. c3 Nf6 3. e5 Nd5 4. Nf3 Nc6 5. d4 cxd4 6. cxd4 d6 7. Bc4 dxe5 8. dxe5 Be6 9. Qe2 Nc7 10. 0-0 g6 11. Nc3 Bg7 12. Bxe6 Nxe6 13. Rd1 Qb8 14. Nd5 0-0 15. Bd2 Rd8 16. Bc3 Rxd5 17. Rxd5 Nf4 18. Qe4 Nxd5 19. Qxd5 e6 20. Qe4 Qc7 21. h4 Rd8 22. h5 Rd5 23. hxg6 hxg6 24. Re1 b5 25. a3 a5 26. b3 b4 27. axb4 axb4 28. Bb2 Qd7 29. Qc2 Qb7 30. Re4 Rd7 31. Rc4 Ne7 32. Bd4 Bf8 33. Bc5 Nd5 34. Bxf8 Kxf8 35. Qd2 Rc7 36. Rh4 Rc8 37. Qg5 Ke8 38. Rh8+ Kd7 39. Rh7 Ke8 40. Nd2 Qe7 41. Qg4 1-0

[Event "Santa Fe Litoral op 2nd"]
[Site "Santa Fe"]
[Date "2022.11.10"]
[Round "1"]
[White "Knuttzen, Joaquin"]
[Black "Zapata Charles, Santiago"]
[Result "0-1"]
[WhiteElo "1545"]
[BlackElo "2306"]
[PlyCount "86"]
[EventDate "2022.11.10"]
[EventType "swiss"]
[EventRounds "7"]
[EventCountry "ARG"]
[SourceTitle "CBM 211 Extra"]
[Source "ChessBase"]
[SourceDate "2023.01.31"]
[SourceVersion "1"]
[SourceVersionDate "2023.01.31"]
[SourceQuality "1"]

1. e4 e6 2. d4 d5 3. Nc3 Bb4 4. e5 c5 5. a3 Bxc3+ 6. bxc3 Qa5 7. Bd2 Qa4 8. Nf3 b6 9. Be2 Ba6 10. 0-0 Ne7 11. Re1 0-0 12. Bxa6 Nxa6 13. Qe2 Rac8 14. Reb1 Nc6 15. Be3 cxd4 16. cxd4 Nab8 17. c3 Na5 18. Rb4 Qd7 19. Qd3 h6 20. Nd2 Rc7 21. Rc1 Rfc8 22. f4 Nbc6 23. Rbb1 Ne7 24. Rb4 Rc6 25. g4 Qc7 26. Nb1 Nc4 27. Bf2 Qd7 28. a4 R8c7 29. Nd2 Nxd2 30. Qxd2 Rc4 31. Qb2 Rxb4 32. Qxb4 Rc4 33. Qd6 Qxd6 34. exd6 Nc6 35. a5 Nxa5 36. d7 Nb7 37. Bh4 f6 38. Re1 Kf7 39. f5 Rc6 40. Bg3 Ke7 41. fxe6 Rxe6 42. Rxe6+ Kxe6 43. Bb8 Kxd7 0-1

[Event "Parana Dos Orillas op"]
[Site "Parana"]
[Date "2022.10.02"]
[Round "5"]
[White "Ortiz, Jorge Daniel"]
[Black "Zapata Charles, Santiago"]
[Result "0-1"]
[WhiteElo "1832"]
[BlackElo "2301"]
[PlyCount "52"]
[EventDate "2022.09.30"]
[EventType "swiss"]
[EventRounds "6"]
[EventCountry "ARG"]
[SourceTitle "EXT 2023"]
[Source "ChessBase"]
[SourceDate "2022.10.05"]
[SourceVersion "1"]
[SourceVersionDate "2022.10.05"]
[SourceQuality "1"]

1. e4 e5 2. Nf3 Nc6 3. d4 exd4 4. Bc4 Nf6 5. 0-0 Nxe4 6. Re1 d5 7. Bxd5 Qxd5 8. Nc3 Qh5 9. Nxe4 Be6 10. Bg5 Bd6 11. Nxd6+ cxd6 12. Bf4 Qd5 13. c4 Qxc4 14. Bxd6 Qd5 15. Ba3 0-0-0 16. h3 Kb8 17. Rc1 Rhe8 18. Rc5 Qxa2 19. Ng5 f6 20. Ne4 Qb3 21. Qc1 Bc8 22. Qf4+ Ka8 23. Rec1 Qe6 24. f3 f5 25. Nf2 d3 26. Rd1 d2 0-1

[Event "Parana Dos Orillas op"]
[Site "Parana"]
[Date "2022.10.02"]
[Round "6"]
[White "Zapata Charles, Santiago"]
[Black "Perez, Daniel Guillermo"]
[Result "1/2-1/2"]
[WhiteElo "2301"]
[BlackElo "2292"]
[PlyCount "41"]
[EventDate "2022.09.30"]
[EventType "swiss"]
[EventRounds "6"]
[EventCountry "ARG"]
[SourceTitle "EXT 2023"]
[Source "ChessBase"]
[SourceDate "2022.10.05"]
[SourceVersion "1"]
[SourceVersionDate "2022.10.05"]
[SourceQuality "1"]

1. e4 e5 2. Bc4 Nf6 3. d3 Nc6 4. Nf3 Be7 5. 0-0 0-0 6. Re1 d6 7. c3 Na5 8. Bb5 a6 9. Ba4 b5 10. Bc2 c5 11. Nbd2 Re8 12. Nf1 Bf8 13. Ng3 g6 14. h3 Nc6 15. d4 Bb7 16. d5 Nb8 17. b3 Nbd7 18. Be3 h6 19. Nh2 Kh7 20. Rf1 Bg7 21. Qd2 1/2-1/2

[Event "Montevideo Magistral Integracion 1st"]
[Site "Montevideo"]
[Date "2021.12.09"]
[Round "6"]
[White "Zapata Charles, Santiago"]
[Black "Echevarria, Ernesto"]
[Result "1-0"]
[WhiteElo "2287"]
[BlackElo "2181"]
[PlyCount "99"]
[EventDate "2021.12.04"]
[EventType "tourn"]
[EventRounds "9"]
[EventCountry "URU"]
[EventCategory "3"]
[SourceTitle "CBM 205 Extra"]
[Source "ChessBase"]
[SourceDate "2022.01.31"]
[SourceVersion "1"]
[SourceVersionDate "2022.01.31"]
[SourceQuality "1"]

1. e4 c5 2. Nf3 Nc6 3. c3 d6 4. d4 Nf6 5. d5 Nb8 6. Bd3 g6 7. 0-0 Bg7 8. Re1 0-0 9. a4 Na6 10. Na3 Nc7 11. Nc4 b6 12. h3 Nd7 13. Bg5 f6 14. Bh4 Ba6 15. Bf1 Bxc4 16. Bxc4 a6 17. Qe2 Kh8 18. Ra3 Qc8 19. b4 Bh6 20. bxc5 bxc5 21. Rb3 Rb8 22. Reb1 Rxb3 23. Rxb3 Qa8 24. Bg3 Rb8 25. Rxb8+ Nxb8 26. e5 Bf8 27. e6 Nxd5 28. Bxd6 Nxc3 29. Qe1 Nc6 30. Qxc3 exd6 31. Qxf6+ Bg7 32. Qf7 Qd8 33. Bxa6 Qe7 34. Bb7 Qxf7 35. exf7 Na5 36. Bd5 h6 37. Kf1 Bf8 38. Ke2 Kg7 39. Kd3 Kf6 40. Ke4 Bg7 41. Nd2 Ke7 42. Nb3 Nxb3 43. Bxb3 Bc3 44. Bc4 Bb4 45. f4 Bc3 46. f5 g5 47. g4 Bb4 48. Bd5 Bc3 49. Kd3 Bg7 50. a5 1-0

[Event "Montevideo Magistral Integracion 1st"]
[Site "Montevideo"]
[Date "2021.12.07"]
[Round "4"]
[White "Zapata Charles, Santiago"]
[Black "Vitoux, Colomban"]
[Result "0-1"]
[WhiteElo "2287"]
[BlackElo "2365"]
[PlyCount "144"]
[EventDate "2021.12.04"]
[EventType "tourn"]
[EventRounds "9"]
[EventCountry "URU"]
[EventCategory "3"]
[SourceTitle "CBM 205 Extra"]
[Source "ChessBase"]
[SourceDate "2022.01.31"]
[SourceVersion "1"]
[SourceVersionDate "2022.01.31"]
[SourceQuality "1"]

1. e4 c5 2. Nf3 Nc6 3. c3 e5 4. Bc4 Be7 5. d4 cxd4 6. cxd4 exd4 7. 0-0 Nf6 8. Nxd4 0-0 9. Re1 Qb6 10. Nb3 Ne5 11. Be3 Qc7 12. Bf1 Neg4 13. g3 Nxe3 14. Rxe3 d5 15. exd5 Ng4 16. Re1 Qb6 17. Qd4 Qh6 18. h3 Bf6 19. Qd2 Ne5 20. Qxh6 gxh6 21. Kg2 b6 22. Nc3 Bb7 23. Rad1 Rfd8 24. f4 Ng6 25. Be2 Rac8 26. Bf3 Kf8 27. d6 Bxf3+ 28. Kxf3 Rc6 29. Re3 Rcxd6 30. Rxd6 Rxd6 31. Ne4 Rc6 32. Nxf6 Rxf6 33. Nd4 Ne7 34. Ra3 a5 35. Rc3 Rd6 36. Ke4 h5 37. g4 hxg4 38. hxg4 Rg6 39. g5 h6 40. gxh6 Rxh6 41. f5 Rh4+ 42. Kd3 Kg7 43. Rc7 Nd5 44. Rb7 Nb4+ 45. Ke3 Nd5+ 46. Kd3 Kf6 47. a3 Nf4+ 48. Kc3 Nd5+ 49. Kd3 Rf4 50. Nb5 Ke5 51. Rxf7 Rf3+ 52. Kd2 Rb3 53. Nc7 Rxb2+ 54. Kc1 Rb3 55. Nxd5 Kxd5 56. a4 Rb4 57. Re7 Rxa4 58. f6 Rf4 59. f7 Rf2 60. Rb7 Kd6 61. Ra7 Kc6 62. Kb1 Kb5 63. Re7 a4 64. Re5+ Kb4 65. Re4+ Ka5 66. Re5+ b5 67. Re7 a3 68. Ka1 Ka4 69. Kb1 b4 70. Rd7 Kb3 71. Rd3+ Kc4 72. Rd7 b3 0-1

[Event "Montevideo Magistral Integracion 1st"]
[Site "Montevideo"]
[Date "2021.12.04"]
[Round "1"]
[White "Rodriguez Vila, Andres"]
[Black "Zapata Charles, Santiago"]
[Result "1-0"]
[WhiteElo "2473"]
[BlackElo "2287"]
[PlyCount "77"]
[EventDate "2021.12.04"]
[EventType "tourn"]
[EventRounds "9"]
[EventCountry "URU"]
[EventCategory "3"]
[SourceTitle "CBM 205 Extra"]
[Source "ChessBase"]
[SourceDate "2022.01.31"]
[SourceVersion "1"]
[SourceVersionDate "2022.01.31"]
[SourceQuality "1"]

1. d4 d5 2. c4 dxc4 3. Nc3 e5 4. e3 exd4 5. exd4 Nc6 6. Be3 Nf6 7. Bxc4 Bd6 8. h3 0-0 9. Nf3 a6 10. Rc1 Bf5 11. 0-0 h6 12. Re1 Qd7 13. d5 Ne5 14. Bf1 Rfe8 15. Nd4 Bh7 16. Nb3 Rad8 17. Bd4 Qf5 18. Re3 Ned7 19. Rf3 Qh5 20. Na5 Rb8 21. Nc4 Ne5 22. Nxe5 Bxe5 23. Re3 Qxd1 24. Rxd1 Bxd4 25. Rxd4 Rbd8 26. Rxe8+ Nxe8 27. Rc4 Kf8 28. f3 Ke7 29. Kf2 Kd7 30. Rf4 Nd6 31. Na4 a5 32. Nc5+ Ke7 33. Nb3 b6 34. Nd4 Re8 35. Be2 Bb1 36. Nc6+ Kd7 37. Ra4 g5 38. h4 f5 39. g3 1-0

[Event "ARG-ch sf 95th"]
[Site "Buenos Aires"]
[Date "2020.03.01"]
[Round "9"]
[White "Zapata Charles, Santiago"]
[Black "Herrera, Pablo Francisco"]
[Result "1-0"]
[WhiteElo "2303"]
[BlackElo "2040"]
[PlyCount "53"]
[EventDate "2020.02.22"]
[EventType "swiss"]
[EventRounds "9"]
[EventCountry "ARG"]
[SourceTitle "CBM 195 Extra"]
[Source "ChessBase"]
[SourceDate "2020.05.31"]
[SourceVersion "1"]
[SourceVersionDate "2020.05.31"]
[SourceQuality "1"]

1. e4 c5 2. Nf3 d6 3. c3 Nf6 4. h3 e6 5. Bd3 Nc6 6. Bc2 Qc7 7. 0-0 d5 8. exd5 Nxd5 9. d4 cxd4 10. Nxd4 Bd7 11. Nb5 Qb8 12. c4 Nf6 13. Bg5 a6 14. N5c3 Qe5 15. Be3 Rd8 16. Bb6 Bd6 17. f4 Bc5+ 18. Kh1 Qe3 19. Bxd8 Kxd8 20. Rf3 Qd4 21. Nd2 Be7 22. Nde4 Qb6 23. c5 Qc7 24. Na4 Nb4 25. Nb6 Nbd5 26. Nxf6 Nxf6 27. Ba4 1-0

[Event "ARG-ch sf 95th"]
[Site "Buenos Aires"]
[Date "2020.02.29"]
[Round "8"]
[White "Bertaccini, Daniel"]
[Black "Zapata Charles, Santiago"]
[Result "1/2-1/2"]
[WhiteElo "2038"]
[BlackElo "2303"]
[PlyCount "102"]
[EventDate "2020.02.22"]
[EventType "swiss"]
[EventRounds "9"]
[EventCountry "ARG"]
[SourceTitle "CBM 195 Extra"]
[Source "ChessBase"]
[SourceDate "2020.05.31"]
[SourceVersion "1"]
[SourceVersionDate "2020.05.31"]
[SourceQuality "1"]

1. Nf3 Nf6 2. g3 g6 3. Bg2 Bg7 4. 0-0 0-0 5. c4 d5 6. cxd5 Nxd5 7. d4 Nb6 8. Nc3 Nc6 9. e3 Re8 10. b3 e5 11. dxe5 Nxe5 12. Nxe5 Bxe5 13. Bb2 c6 14. Qc2 Qe7 15. e4 Bg7 16. Nd1 a5 17. Bxg7 Kxg7 18. Ne3 a4 19. f4 axb3 20. Qc3+ Kg8 21. axb3 Rxa1 22. Rxa1 Nd7 23. b4 Nb8 24. b5 f6 25. bxc6 bxc6 26. Rb1 Be6 27. f5 gxf5 28. exf5 Ba2 29. Rb2 Qa7 30. Re2 Kg7 31. Bf3 Bd5 32. Kg2 Nd7 33. Nxd5 Rxe2+ 34. Bxe2 cxd5 35. Qc6 d4 36. Ba6 Nc5 37. Bc4 Nd7 38. Qd5 Ne5 39. Qg8+ Kh6 40. h4 Qg7 41. Qxg7+ Kxg7 42. Be2 Kf8 43. g4 h6 44. Kg3 d3 45. Bd1 Nc4 46. Kf2 Ke7 47. Bb3 Ne5 48. Bd1 Kd6 49. Ke3 Kc5 50. Ke4 Kd6 51. Kd4 Ke7 1/2-1/2

[Event "ARG-ch sf 95th"]
[Site "Buenos Aires"]
[Date "2020.02.27"]
[Round "6"]
[White "Zapata Charles, Santiago"]
[Black "Cuberli, Emiliano"]
[Result "1/2-1/2"]
[WhiteElo "2303"]
[BlackElo "2147"]
[PlyCount "53"]
[EventDate "2020.02.22"]
[EventType "swiss"]
[EventRounds "9"]
[EventCountry "ARG"]
[SourceTitle "CBM 195 Extra"]
[Source "ChessBase"]
[SourceDate "2020.05.31"]
[SourceVersion "1"]
[SourceVersionDate "2020.05.31"]
[SourceQuality "1"]

1. e4 e5 2. Nf3 Nc6 3. d4 exd4 4. Nxd4 Nf6 5. Nc3 Bb4 6. Nxc6 bxc6 7. Bd3 d5 8. exd5 cxd5 9. 0-0 0-0 10. h3 h6 11. Bf4 Bd6 12. Qf3 c6 13. Ne2 Rb8 14. b3 Re8 15. Rfe1 Bxf4 16. Qxf4 Bd7 17. Nd4 Qa5 18. Nf3 Rxe1+ 19. Rxe1 Re8 20. Rxe8+ Bxe8 21. a4 c5 22. Qb8 c4 23. bxc4 dxc4 24. Bxc4 Qxa4 25. Ne5 Qxc2 26. Bxf7+ Kh7 27. Bxe8 1/2-1/2

[Event "ARG-ch sf 95th"]
[Site "Buenos Aires"]
[Date "2020.02.26"]
[Round "5"]
[White "Acosta, Pablo Ismael"]
[Black "Zapata Charles, Santiago"]
[Result "1-0"]
[WhiteElo "2416"]
[BlackElo "2303"]
[PlyCount "103"]
[EventDate "2020.02.22"]
[EventType "swiss"]
[EventRounds "9"]
[EventCountry "ARG"]
[SourceTitle "CBM 195 Extra"]
[Source "ChessBase"]
[SourceDate "2020.05.31"]
[SourceVersion "1"]
[SourceVersionDate "2020.05.31"]
[SourceQuality "1"]

1. d4 d5 2. c4 dxc4 3. e4 Nc6 4. Nf3 Bg4 5. d5 Ne5 6. Bf4 Ng6 7. Be3 Nf6 8. Nbd2 e5 9. Bxc4 a6 10. Qb3 b5 11. Bd3 Bd6 12. a4 0-0 13. axb5 axb5 14. 0-0 Bd7 15. Qc2 Ng4 16. Nb3 Qe7 17. Bg5 f6 18. Bd2 Rfc8 19. h3 Nh6 20. Na5 Nf7 21. Nc6 Qe8 22. Bxb5 Nd8 23. Ba6 Nxc6 24. dxc6 Bxc6 25. Bxc8 Rxc8 26. Rfc1 Bd7 27. Be3 Ne7 28. Bc5 Bxc5 29. Qxc5 Ng6 30. Qa7 Bc6 31. Qc5 Bd7 32. Qd5+ Kh8 33. Qb7 Rb8 34. Qa7 c6 35. Rd1 Be6 36. Rd6 Nf4 37. Rad1 Rc8 38. Qb7 Bg8 39. Qd7 Qxd7 40. Rxd7 Ne6 41. R1d6 Nc5 42. Rd8 Rxd8 43. Rxd8 Nxe4 44. Nd2 Nc5 45. Nc4 h5 46. Na5 Ne6 47. Rc8 c5 48. Nb7 f5 49. Nxc5 Nd4 50. Nd3 e4 51. Nf4 Kh7 52. h4 1-0

[Event "ARG-ch sf 95th"]
[Site "Buenos Aires"]
[Date "2020.02.24"]
[Round "3"]
[White "Zapata Charles, Santiago"]
[Black "Coro, Lucas"]
[Result "1-0"]
[WhiteElo "2303"]
[BlackElo "2375"]
[PlyCount "85"]
[EventDate "2020.02.22"]
[EventType "swiss"]
[EventRounds "9"]
[EventCountry "ARG"]
[SourceTitle "CBM 195 Extra"]
[Source "ChessBase"]
[SourceDate "2020.05.31"]
[SourceVersion "1"]
[SourceVersionDate "2020.05.31"]
[SourceQuality "1"]

1. d4 Nf6 2. Nc3 d5 3. Bf4 g6 4. Qd2 Bg7 5. Bh6 0-0 6. Bxg7 Kxg7 7. 0-0-0 c5 8. e3 Nc6 9. Bb5 cxd4 10. exd4 Qa5 11. f3 Bd7 12. Kb1 Rac8 13. Nge2 a6 14. Bxc6 Rxc6 15. Nf4 Rfc8 16. Ncxd5 Qb5 17. Ne3 e5 18. dxe5 Qxe5 19. Qd4 Re8 20. Qxe5 Rxe5 21. Rhe1 h5 22. h4 Rc8 23. Nd3 Ree8 24. b3 Rc6 25. Nf4 Rc5 26. Nc4 Rxe1 27. Rxe1 Bf5 28. Re7 b5 29. Nd6 Nd5 30. Rxf7+ Kg8 31. Nxd5 Rxd5 32. Rf6 Kg7 33. Ne8+ Kh6 34. Rf8 g5 35. hxg5+ Kxg5 36. g4 hxg4 37. fxg4 Bxg4 38. Rg8+ Kf5 39. Nc7 Rd6 40. Ra8 Be2 41. Rxa6 Rd7 42. Rc6 Ke5 43. Re6+ 1-0

[Event "ARG-ch sf 95th"]
[Site "Buenos Aires"]
[Date "2020.02.22"]
[Round "1"]
[White "Zapata Charles, Santiago"]
[Black "Aberbach Peltzman, Angel Sergio"]
[Result "1-0"]
[WhiteElo "2303"]
[BlackElo "1972"]
[PlyCount "101"]
[EventDate "2020.02.22"]
[EventType "swiss"]
[EventRounds "9"]
[EventCountry "ARG"]
[SourceTitle "CBM 195 Extra"]
[Source "ChessBase"]
[SourceDate "2020.05.31"]
[SourceVersion "1"]
[SourceVersionDate "2020.05.31"]
[SourceQuality "1"]

1. e4 c5 2. Nf3 e6 3. c3 d5 4. exd5 Qxd5 5. d4 Nf6 6. Be2 cxd4 7. cxd4 Qd8 8. 0-0 Be7 9. Nc3 0-0 10. Be3 Nc6 11. Rc1 b6 12. Ne5 Bb7 13. Bf3 Rc8 14. Qa4 Qe8 15. Bxc6 Bxc6 16. Nxc6 Qxc6 17. Qxc6 Rxc6 18. Nd5 Nxd5 19. Rxc6 a5 20. Rfc1 Bd8 21. Rc8 f5 22. Bd2 Bf6 23. Rxf8+ Kxf8 24. Rc4 Ke7 25. a4 Kd7 26. b4 axb4 27. Bxb4 Bd8 28. Bf8 g5 29. Bg7 Be7 30. Be5 Bb4 31. Kf1 h5 32. Ke2 g4 33. f3 h4 34. fxg4 fxg4 35. h3 g3 36. Rxb4 Nxb4 37. Bf6 Nd5 38. Bxh4 Nc3+ 39. Kd3 Nxa4 40. Bxg3 b5 41. Be5 Nb2+ 42. Kc3 Nc4 43. g4 Ne3 44. Kd3 Nd5 45. g5 Ke8 46. h4 Ne7 47. h5 Kf7 48. g6+ Kg8 49. Kc3 Nd5+ 50. Kb3 b4 51. h6 1-0

[Event "Buenos Aires Vicente Lopez 23rd"]
[Site "Buenos Aires"]
[Date "2019.08.16"]
[Round "3"]
[White "Zapata Charles, Santiago"]
[Black "Saldano Dayer, Horacio"]
[Result "1/2-1/2"]
[WhiteElo "2303"]
[BlackElo "2413"]
[PlyCount "22"]
[EventDate "2019.08.14"]
[EventType "tourn"]
[EventRounds "9"]
[EventCountry "ARG"]
[EventCategory "2"]
[SourceTitle "EXT 2020"]
[Source "ChessBase"]
[SourceDate "2019.10.17"]
[SourceVersion "1"]
[SourceVersionDate "2019.10.17"]
[SourceQuality "1"]

1. e4 e5 2. Nf3 Nf6 3. Nxe5 d6 4. Nf3 Nxe4 5. Qe2 Qe7 6. d3 Nf6 7. Bg5 Nbd7 8. Nc3 Qxe2+ 9. Bxe2 c6 10. 0-0 Be7 11. Rfe1 0-0 1/2-1/2

[Event "Buenos Aires Vicente Lopez 23rd"]
[Site "Buenos Aires"]
[Date "2019.08.14"]
[Round "1"]
[White "Zapata Charles, Santiago"]
[Black "Ocantos, Manuel"]
[Result "1/2-1/2"]
[WhiteElo "2303"]
[BlackElo "2231"]
[PlyCount "71"]
[EventDate "2019.08.14"]
[EventType "tourn"]
[EventRounds "9"]
[EventCountry "ARG"]
[EventCategory "2"]
[SourceTitle "EXT 2020"]
[Source "ChessBase"]
[SourceDate "2019.10.17"]
[SourceVersion "1"]
[SourceVersionDate "2019.10.17"]
[SourceQuality "1"]

1. e4 c5 2. c3 Nf6 3. e5 Nd5 4. Nf3 Nc6 5. Bc4 Nb6 6. Bb3 d5 7. exd6 Qxd6 8. d4 cxd4 9. cxd4 Be6 10. 0-0 Bxb3 11. Qxb3 e6 12. Nc3 Be7 13. Nb5 Qd8 14. Bf4 Rc8 15. Rfd1 0-0 16. Nc3 a6 17. a3 Na5 18. Qa2 Nac4 19. Rac1 Nd5 20. Nxd5 Qxd5 21. Ne5 b5 22. Nxc4 bxc4 23. Be5 Rfd8 24. Qb1 Bg5 25. Rc3 f6 26. Rg3 h6 27. f4 Bh4 28. Qg6 Bxg3 29. Bxf6 Bxh2+ 30. Kxh2 Rd7 31. Be5 Rb7 32. Rf1 c3 33. bxc3 Rxc3 34. f5 Qe4 35. Qxe6+ Rf7 36. Qe8+ 1/2-1/2

[Event "Ciudad de Santa Fe op"]
[Site "Ciudad de Santa Fe"]
[Date "2019.08.03"]
[Round "3.4"]
[White "Zapata Charles, Santiago"]
[Black "Diaz, Carlos1111"]
[Result "1-0"]
[WhiteElo "2303"]
[BlackElo "1918"]
[PlyCount "69"]
[EventDate "2019.08.02"]
[EventType "swiss"]
[EventRounds "6"]
[EventCountry "ARG"]
[SourceTitle "EXT 2024"]
[Source "ChessBase"]
[SourceDate "2023.10.10"]
[SourceVersion "1"]
[SourceVersionDate "2023.10.10"]
[SourceQuality "1"]

1. e4 e6 2. d4 d5 3. Nd2 dxe4 4. Nxe4 Nd7 5. Bd3 Ngf6 6. Qe2 c5 7. Nf3 Nxe4 8. Bxe4 Nf6 9. Bd3 cxd4 10. 0-0 Bd7 11. Nxd4 Bc6 12. Nxc6 bxc6 13. Qf3 Qc7 14. Bg5 Be7 15. Rad1 0-0 16. c4 Rfd8 17. b4 c5 18. b5 Ne8 19. Be3 Rac8 20. Qe2 Bf6 21. Be4 Nd6 22. Bc6 Qb6 23. g4 h6 24. Qc2 Nb7 25. Rxd8+ Rxd8 26. Be4 Bd4 27. g5 Bxe3 28. fxe3 hxg5 29. Bh7+ Kf8 30. Qg6 Nd6 31. Qxe6 f6 32. Bg6 Qc7 33. Rd1 Nb7 34. Rxd8+ Nxd8 35. Qe8# 1-0

[Event "South America-ch U20"]
[Site "Asuncion"]
[Date "2019.05.17"]
[Round "9"]
[White "Zapata Charles, Santiago"]
[Black "Cadilhac, Igor Tokuichi Kikuc"]
[Result "1/2-1/2"]
[WhiteElo "2322"]
[BlackElo "2288"]
[PlyCount "79"]
[EventDate "2019.05.11"]
[EventType "swiss"]
[EventRounds "9"]
[EventCountry "PAR"]
[SourceTitle "CBM 190 Extra"]
[Source "ChessBase"]
[SourceDate "2019.07.15"]
[SourceVersion "1"]
[SourceVersionDate "2019.07.15"]
[SourceQuality "1"]

1. e4 e5 2. Bc4 Nf6 3. d3 c6 4. Nf3 d5 5. Bb3 Bd6 6. exd5 Nxd5 7. 0-0 0-0 8. Re1 Bg4 9. h3 Bh5 10. Nbd2 Nd7 11. Ne4 Bc7 12. Ng3 Bg6 13. a3 Kh8 14. Bg5 f6 15. Bd2 Nc5 16. Ba2 Qd7 17. Nh4 Bf7 18. Ne4 Ne6 19. Qg4 Rad8 20. Nf5 Rg8 21. Nc3 Nef4 22. Nxd5 Nxd5 23. Qf3 Be6 24. Ne3 Nf4 25. Bxe6 Nxe6 26. Bc3 Nf4 27. Rad1 Rge8 28. Nf1 Qd5 29. Qxd5 cxd5 30. d4 e4 31. Ne3 Kg8 32. h4 Kf7 33. g3 Ne6 34. b3 g6 35. Bb2 Bb6 36. Kg2 f5 37. f4 Re7 38. Re2 Red7 39. Red2 Ke8 40. h5 1/2-1/2

[Event "South America-ch U20"]
[Site "Asuncion"]
[Date "2019.05.16"]
[Round "8"]
[White "Benitez Galeano, Alejandro"]
[Black "Zapata Charles, Santiago"]
[Result "1/2-1/2"]
[WhiteElo "2052"]
[BlackElo "2322"]
[PlyCount "106"]
[EventDate "2019.05.11"]
[EventType "swiss"]
[EventRounds "9"]
[EventCountry "PAR"]
[SourceTitle "CBM 190 Extra"]
[Source "ChessBase"]
[SourceDate "2019.07.15"]
[SourceVersion "1"]
[SourceVersionDate "2019.07.15"]
[SourceQuality "1"]

1. Nf3 d5 2. c4 dxc4 3. e3 Nf6 4. Bxc4 e6 5. 0-0 c5 6. d4 Nc6 7. dxc5 Qxd1 8. Rxd1 Bxc5 9. a3 a6 10. b4 Be7 11. Bb2 0-0 12. Nbd2 b5 13. Bd3 Bb7 14. Rac1 Rfd8 15. Nb3 Rac8 16. Nc5 Bxc5 17. Rxc5 Ne4 18. Rcc1 Nd6 19. Bc3 Ne7 20. Nd2 Nd5 21. Bd4 Rxc1 22. Rxc1 Rc8 23. Bc5 Nf6 24. Nb3 Nde4 25. Bd4 Rxc1+ 26. Nxc1 Nd7 27. f3 Nd6 28. e4 e5 29. Bf2 Bc8 30. Kf1 Nb8 31. Nb3 Nb7 32. Ke1 Be6 33. Nc5 Nxc5 34. Bxc5 Nd7 35. Ba7 Kf8 36. Kd2 Ke7 37. Kc3 Kd6 38. a4 Kc6 39. axb5+ axb5 40. Bf2 Nb6 41. Bg3 f6 42. f4 Na4+ 43. Kc2 exf4 44. Bxf4 Bc4 45. Be3 Nb2 46. Bxc4 Nxc4 47. Bf4 g5 48. Bd2 Kd6 49. Kd3 Ne5+ 50. Kd4 Nc6+ 51. Kd3 Ne5+ 52. Kd4 Nc6+ 53. Kd3 Ne5+ 1/2-1/2

[Event "South America-ch U20"]
[Site "Asuncion"]
[Date "2019.05.15"]
[Round "7"]
[White "Zapata Charles, Santiago"]
[Black "Zambrano Acebo, Jean Carlos"]
[Result "0-1"]
[WhiteElo "2322"]
[BlackElo "2174"]
[PlyCount "78"]
[EventDate "2019.05.11"]
[EventType "swiss"]
[EventRounds "9"]
[EventCountry "PAR"]
[SourceTitle "CBM 190 Extra"]
[Source "ChessBase"]
[SourceDate "2019.07.15"]
[SourceVersion "1"]
[SourceVersionDate "2019.07.15"]
[SourceQuality "1"]

1. e4 c5 2. Nf3 g6 3. c3 d5 4. exd5 Qxd5 5. d4 Bg7 6. h3 Nf6 7. c4 Qd8 8. d5 Ne4 9. Bd3 Qa5+ 10. Nbd2 Nd6 11. 0-0 0-0 12. Re1 Re8 13. Ne4 Nxe4 14. Bxe4 Nd7 15. Bd3 b5 16. cxb5 Bb7 17. Bd2 Qc7 18. Bc3 Bxd5 19. Be4 Bxe4 20. Rxe4 Nf6 21. Rc4 Rad8 22. Qc2 Rd5 23. Re1 Qb7 24. a4 e6 25. b4 cxb4 26. Bxb4 a6 27. bxa6 Qxa6 28. Rc7 Nd7 29. Rd1 Nb6 30. Rxd5 Nxd5 31. Rc4 Rb8 32. Bd2 h6 33. a5 Rb2 34. Qa4 Kh7 35. Qc6 Qa7 36. Qc5 Qb8 37. g3 Qb3 38. Kg2 Qa2 39. Be1 Qxc4 0-1

[Event "Mar del Plata op 50th"]
[Site "Mar del Plata"]
[Date "2019.04.19"]
[Round "8"]
[White "Rodriguez, Luis Jose Lucio"]
[Black "Zapata Charles, Santiago"]
[Result "0-1"]
[WhiteElo "2117"]
[BlackElo "2303"]
[PlyCount "50"]
[EventDate "2019.04.13"]
[EventType "swiss"]
[EventRounds "9"]
[EventCountry "ARG"]
[SourceTitle "CBM 190 Extra"]
[Source "ChessBase"]
[SourceDate "2019.07.15"]
[SourceVersion "1"]
[SourceVersionDate "2019.07.15"]
[SourceQuality "1"]

1. Nf3 d5 2. g3 Nf6 3. Bg2 c6 4. 0-0 Bg4 5. h3 Bxf3 6. Bxf3 e5 7. Bg2 Nbd7 8. d3 Bd6 9. Nc3 0-0 10. e4 dxe4 11. Nxe4 Nxe4 12. Bxe4 f5 13. Bf3 Qc7 14. Bd2 Rae8 15. Bg2 Nf6 16. Qe2 Kh8 17. Rae1 Qf7 18. Bg5 Nd5 19. c4 Nc7 20. Bd2 Ne6 21. Bc3 f4 22. Be4 f3 23. Qd2 Qh5 24. Kh2 Ng5 25. h4 Rf4 0-1

[Event "ARG-ch sf 94th"]
[Site "Buenos Aires"]
[Date "2019.04.06"]
[Round "8"]
[White "Real de Azua, Ernesto"]
[Black "Zapata Charles, Santiago"]
[Result "1/2-1/2"]
[WhiteElo "2474"]
[BlackElo "2303"]
[PlyCount "39"]
[EventDate "2019.03.30"]
[EventType "swiss"]
[EventRounds "9"]
[EventCountry "ARG"]
[SourceTitle "CBM 189 Extra"]
[Source "ChessBase"]
[SourceDate "2019.06.03"]
[SourceVersion "1"]
[SourceVersionDate "2019.06.03"]
[SourceQuality "1"]

1. Nf3 Nf6 2. c4 g6 3. d4 Bg7 4. e3 0-0 5. Be2 d5 6. cxd5 Nxd5 7. e4 Nb6 8. 0-0 Nc6 9. d5 Ne5 10. Nc3 c6 11. Nxe5 Bxe5 12. Bh6 Re8 13. f4 Bh8 14. dxc6 Qxd1 15. Raxd1 bxc6 16. e5 Be6 17. Bf3 Rac8 18. b3 Bg7 19. Bxg7 Kxg7 20. Rf2 1/2-1/2